[Event "89th Hastings Masters 2013-14"]
[Site "Hastings ENG"]
[Date "2013.12.28"]
[Round "1.5"]
[White "Jackson, James P"]
[Black "Mannion, Stephen R"]
[Result "1/2-1/2"]
[BlackTitle "IM"]
[WhiteElo "2282"]
[BlackElo "2375"]
[WhiteFideId "416860"]
[BlackFideId "2400111"]
[EventDate "2013.12.28"]

1. e4 e5 2. Nf3 Nc6 3. Bb5 a6 4. Ba4 Nf6 5. d3 d6 6. c3 g6 7. Bg5 Bg7 8. Nbd2
O-O 9. O-O Re8 10. Re1 b5 11. Bc2 Bb7 12. Nf1 Nb8 13. Ne3 h6 14. Bh4 Nbd7 15.
Nd2 c5 16. Bb3 Qc7 17. Qf3 Rf8 18. a4 Bc6 19. axb5 axb5 20. Rxa8 Bxa8 21. Ra1
Bc6 22. g4 Qb7 23. g5 hxg5 24. Bxg5 c4 25. dxc4 bxc4 26. Bxc4 Nxe4 27. Nxe4 Bxe4
28. Qg4 Bf3 29. Qg3 Qxb2 30. Rf1 Qb7 31. Be7 Rc8 32. Bxd6 Qc6 1/2-1/2

[Event "89th Hastings Masters 2013-14"]
[Site "Hastings ENG"]
[Date "2013.12.28"]
[Round "1.6"]
[White "Hebden, Mark L"]
[Black "Croad, Nicolas"]
[Result "1-0"]
[WhiteTitle "GM"]
[BlackTitle "FM"]
[WhiteElo "2560"]
[BlackElo "2272"]
[WhiteFideId "400084"]
[BlackFideId "4300793"]
[EventDate "2013.12.28"]

1. d4 Nf6 2. Nf3 e6 3. c4 b6 4. g3 Ba6 5. b3 Bb4+ 6. Bd2 Be7 7. Bg2 c6 8. Bc3 d5
9. Nbd2 Nbd7 10. O-O O-O 11. Re1 b5 12. Rc1 Rb8 13. Ne5 Nxe5 14. dxe5 Nd7 15.
cxd5 cxd5 16. Bd4 Qa5 17. e4 Bb4 18. Re2 Ba3 19. Rc2 Rbc8 20. Nb1 b4 21. Rxc8
Rxc8 22. Rc2 Rxc2 23. Qxc2 dxe4 24. Qxe4 Qc7 25. Qc6 Qxc6 26. Bxc6 Bc8 27. Nxa3
bxa3 28. f4 Nb6 29. Kf2 Nd5 30. Bxd5 exd5 31. Bxa7 Bf5 32. b4 Bd3 33. Be3 Kf8
34. Bc1 Ke8 35. Bxa3 Bc4 36. Ke3 Kd7 37. f5 g6 38. g4 Bxa2 39. b5 h5 40. gxh5
gxh5 41. Bc5 d4+ 42. Bxd4 Bd5 43. Kf4 Ke8 44. Kg5 Bf3 45. Bc5 Kd7 46. h4 Ke8 47.
b6 Kd7 48. Kf6 Ke8 49. Kg7 Bd5 50. e6 fxe6 51. f6 1-0

[Event "89th Hastings Masters 2013-14"]
[Site "Hastings ENG"]
[Date "2013.12.28"]
[Round "1.8"]
[White "Hawkins, Jonathan"]
[Black "Stewart, Neil"]
[Result "1-0"]
[WhiteTitle "IM"]
[BlackTitle "FM"]
[WhiteElo "2512"]
[BlackElo "2258"]
[WhiteFideId "412686"]
[BlackFideId "4636988"]
[EventDate "2013.12.28"]

1. d4 d5 2. c4 c6 3. Nf3 Nf6 4. Nc3 dxc4 5. a4 Bf5 6. Ne5 Nbd7 7. Nxc4 Qc7 8. g3
e5 9. dxe5 Nxe5 10. Bf4 Nfd7 11. Bg2 g5 12. Ne3 gxf4 13. Nxf5 O-O-O 14. Qc2 Kb8
15. O-O fxg3 16. hxg3 h5 17. Rfc1 Nf6 18. a5 h4 19. Nxh4 Rxh4 20. gxh4 Neg4 21.
Rd1 Qh2+ 22. Kf1 Re8 23. Qf5 Bh6 24. Qc5 Bf4 25. Nb5 Rg8 26. Qxa7+ Kc8 27. Qa8+
Bb8 28. Nd6+ Kd7 29. Qxb7+ Ke6 30. Qxf7+ Ke5 31. Qe7+ 1-0

[Event "89th Hastings Masters 2013-14"]
[Site "Hastings ENG"]
[Date "2013.12.28"]
[Round "1.10"]
[White "Rahman, Ziaur"]
[Black "Repplinger, Marc"]
[Result "1-0"]
[WhiteTitle "GM"]
[WhiteElo "2496"]
[BlackElo "2245"]
[WhiteFideId "10200037"]
[BlackFideId "4651120"]

1. d4 e6 2. Nf3 f5 3. g3 Nf6 4. Bg2 Be7 5. O-O O-O 6. b3 a5 7. a3 d6 8. Bb2 Qe8
9. c4 Bd7 10. Nc3 Ne4 11. Nd2 Nxc3 12. Bxc3 Bc6 13. d5 exd5 14. cxd5 Bb5 15. Re1
Bf6 16. Bxf6 Rxf6 17. a4 Ba6 18. e4 f4 19. e5 dxe5 20. Ne4 Rg6 21. Rc1 c6 22.
Nc5 Nd7 23. dxc6 Nxc5 24. Rxc5 bxc6 25. Rcxe5 Qf8 26. Bxc6 Rd8 27. Qc1 Rgd6 28.
Re8 Rxe8 29. Rxe8 Qxe8 30. Bxe8 Be2 31. Qxf4 Rd1+ 32. Kg2 1-0

[Event "89th Hastings Masters 2013-14"]
[Site "Hastings ENG"]
[Date "2013.12.28"]
[Round "1.13"]
[White "Rowe, Duane"]
[Black "Arkell, Keith C"]
[Result "0-1"]
[WhiteTitle "CM"]
[BlackTitle "GM"]
[WhiteElo "2218"]
[BlackElo "2438"]
[WhiteFideId "7400268"]
[BlackFideId "400270"]

1. e4 c6 2. d4 d5 3. exd5 cxd5 4. c4 Nf6 5. Nc3 g6 6. Qb3 Bg7 7. cxd5 O-O 8.
Nge2 Na6 9. Nf4 Qb6 10. Qxb6 axb6 11. Be3 Nb4 12. Bc4 Nc2+ 13. Kd2 Nxa1 14. Rxa1
Ne8 15. Be2 Nd6 16. g4 Bd7 17. b3 b5 18. Nd3 Rfc8 19. f3 Rc7 20. Ne4 h6 21. Nb4
f5 22. Nxd6 exd6 23. gxf5 gxf5 24. Rg1 Kh7 25. Rxg7+ Kxg7 26. Bf4 Rcc8 27. Bxd6
Kh7 28. Bg3 Rg8 29. Ke3 Rae8+ 30. Kf2 h5 31. Bd3 Kg6 32. Bh4 Kf7 33. Bf1 f4 34.
Nd3 Ra8 35. Nb4 Rac8 36. d6 Rc1 37. d5 Bf5 38. Be7 Rb1 39. h4 Rb2+ 40. Be2 Rg3
41. Bg5 Bh3 42. Bxf4 Rg2+ 43. Ke3 Rgxe2+ 44. Kd4 b6 45. Be3 Rb1 46. Kd3 Ree1 47.
Bxb6 Rbd1+ 48. Kc2 Bf5+ 49. Kb2 Ke8 0-1

[Event "89th Hastings Masters 2013-14"]
[Site "Hastings ENG"]
[Date "2013.12.28"]
[Round "1.19"]
[White "Anderson, John"]
[Black "Fernandez, Daniel Howard"]
[Result "1/2-1/2"]
[BlackTitle "IM"]
[WhiteElo "2195"]
[BlackElo "2381"]
[WhiteFideId "405353"]
[BlackFideId "5801605"]

1. e4 e5 2. Nf3 Nf6 3. Nxe5 d6 4. Nf3 Nxe4 5. d4 d5 6. Bd3 Nd6 7. O-O Be7 8. c3
O-O 9. Qc2 g6 10. Bf4 Nd7 11. Nbd2 Re8 12. Rfe1 Nf8 13. h3 c6 14. Re2 Bf5 15.
Bxf5 Nxf5 16. Rae1 Ne6 17. Bh2 Bd6 18. Nf1 Bxh2+ 19. N1xh2 Nd6 20. Qc1 Ne4 21.
Ng4 f5 22. Nge5 Qd6 23. Qh6 Re7 24. h4 Rg7 25. Ng5 N6xg5 26. hxg5 Qe7 27. f3
Qxg5 28. Qxg5 Nxg5 29. Nd3 Kf8 30. Nc5 b6 31. Ne6+ Nxe6 32. Rxe6 Rc8 33. R1e5
Rd7 34. Kf2 f4 35. Rf6+ Rf7 36. Rd6 Re7 37. Rf6+ Rf7 38. Rd6 Kg7 39. Ree6 Rfc7
40. Rf6 Re8 41. Rxf4 Rce7 42. Rxc6 Re2+ 43. Kg3 R8e7 44. Rd6 Rxb2 45. Rxd5 Rxa2
46. c4 Rd2 47. c5 bxc5 48. Rxc5 h5 49. Rc6 Ree2 50. Rc7+ Kh6 51. Rff7 Rxg2+ 52.
Kf4 Rxd4+ 53. Ke3 Rd8 54. f4 Rh8 55. Kf3 Rb2 56. Rxa7 Rb3+ 57. Kg2 h4 58. Kh2
Rf3 59. Kg2 Rg3+ 60. Kh2 Kh5 61. Rh7+ Rxh7 62. Rxh7+ Kg4 63. Rh6 Kxf4 64. Rxh4+
Rg4 65. Rh8 Kf3 66. Ra8 Rh4+ 67. Kg1 Re4 68. Ra3+ Re3 69. Ra5 Kg4 70. Ra2 g5 71.
Kg2 Rg3+ 72. Kh2 Kh4 73. Ra4+ g4 74. Ra8 Rb3 75. Rh8+ Kg5 76. Rg8+ Kf4 77. Rf8+
Ke4 78. Kg2 1/2-1/2

[Event "89th Hastings Masters 2013-14"]
[Site "Hastings ENG"]
[Date "2013.12.28"]
[Round "1.20"]
[White "Kipper, Jens"]
[Black "Rayner, Francis"]
[Result "1-0"]
[WhiteElo "2378"]
[BlackElo "2192"]
[WhiteFideId "4632796"]
[BlackFideId "1800132"]

1. Nf3 c5 2. c4 Nf6 3. Nc3 Nc6 4. d4 cxd4 5. Nxd4 e6 6. g3 Qb6 7. Ndb5 Bc5 8.
Bg2 Bxf2+ 9. Kf1 Ng4 10. Qd6 Bg1 11. Nc7+ Kd8 12. Bg5+ Nf6 13. Qf4 Bd4 14. N3b5
Rb8 15. Nxd4 Qxd4 16. Bxc6 Qxb2 17. Bf3 Qxa1+ 18. Kg2 Qb2 19. Nb5 a6 20. Rb1
Qxb1 21. Bxf6+ gxf6 22. Qxf6+ Ke8 23. Nd6+ 1-0

[Event "89th Hastings Masters 2013-14"]
[Site "Hastings ENG"]
[Date "2013.12.28"]
[Round "1.21"]
[White "Sugden, John N"]
[Black "Willson, Ollie"]
[Result "0-1"]
[WhiteElo "2138"]
[BlackElo "1833"]
[WhiteFideId "402001"]
[BlackFideId "424714"]
[EventDate "2013.12.28"]

1. e4 c5 2. Nc3 e6 3. f4 Nc6 4. Nf3 a6 5. g3 b5 6. Bg2 Bb7 7. O-O g6 8. d4 cxd4
9. Nxd4 Bg7 10. Be3 Na5 11. e5 Bxg2 12. Kxg2 Nc4 13. Bc1 d5 14. b3 Nb6 15. a4 b4
16. Na2 a5 17. c3 bxc3 18. Nxc3 Ne7 19. Ba3 Nbc8 20. Ncb5 O-O 21. Rc1 Ra6 22.
Qd3 Rb6 23. Bc5 Rb7 24. Rc2 Re8 25. Rfc1 Qd7 26. Bxe7 Nxe7 27. Nd6 Reb8 28. Nxb7
Rxb7 29. Nb5 Nf5 30. g4 Nh4+ 31. Kg3 g5 32. Rc8+ Bf8 33. R8c7 Rxc7 34. Rxc7 Qd8
35. f5 Bb4 36. fxe6 Be1+ 37. Kh3 Ng6 38. Qxg6+ hxg6 39. e7 Qb8 40. Rd7 Kg7 41.
Rd8 Qb6 42. e8=N+ Kh6 0-1

[Event "89th Hastings Masters 2013-14"]
[Site "Hastings ENG"]
[Date "2013.12.28"]
[Round "1.24"]
[White "Sowray, Peter J"]
[Black "Chlost, Marlena"]
[Result "1-0"]
[WhiteTitle "FM"]
[BlackTitle "WFM"]
[WhiteElo "2326"]
[BlackElo "2167"]
[WhiteFideId "400971"]
[BlackFideId "1122657"]
[EventDate "2013.12.28"]

1. d4 d5 2. c4 e6 3. Nc3 Nf6 4. cxd5 exd5 5. Bg5 Be7 6. e3 c6 7. Qc2 Nbd7 8. Bd3
O-O 9. Nge2 Re8 10. O-O Nf8 11. f3 g6 12. Rad1 Ne6 13. Bh6 Bd6 14. h3 Nh5 15. e4
Bf4 16. Nxf4 Nexf4 17. Kh2 Qd6 18. e5 Qe7 19. Qf2 g5 20. Bb1 Ng7 21. h4 Nfe6 22.
hxg5 Nxg5 23. f4 N5e6 24. f5 Nxd4 25. Bxg7 Qg5 26. Bf6 1-0

[Event "89th Hastings Masters 2013-14"]
[Site "Hastings ENG"]
[Date "2013.12.28"]
[Round "1.26"]
[White "Bianco, Valerio"]
[Black "ter Steeg, Marcus"]
[Result "1/2-1/2"]
[WhiteElo "2151"]
[BlackElo "1942"]
[WhiteFideId "800600"]
[BlackFideId "24676799"]
[EventDate "2013.12.28"]

1. d4 c5 2. d5 g6 3. e4 Bg7 4. c4 d6 5. Ne2 e6 6. Nbc3 Ne7 7. dxe6 Bxe6 8. Nf4
O-O 9. g3 Nbc6 10. Nxe6 fxe6 11. Bh3 Nd4 12. O-O d5 13. cxd5 exd5 14. Bg2 dxe4
15. Nxe4 Qb6 16. Qd3 Rac8 17. Qc4+ Kh8 18. Bg5 Nef5 19. Rab1 Qe6 20. Rfc1 Qxc4
21. Rxc4 h6 22. Bd2 b6 23. Re1 Rcd8 24. Bc1 Nd6 25. Nxd6 Rxd6 26. Bf4 Re6 27.
Rxe6 Nxe6 28. Bc1 Rd8 29. Bf3 Nd4 30. Kg2 Kh7 31. b3 Nxf3 32. Kxf3 Bd4 33. Be3
Rf8+ 34. Ke2 Re8 35. Kd3 Bxe3 36. fxe3 Rd8+ 37. Ke2 Kg7 38. b4 Rd5 39. bxc5 bxc5
40. e4 Re5 41. Kd3 a6 42. Ra4 Re6 43. Ra5 c4+ 44. Kd4 Rc6 45. Ra3 Kf6 46. Rc3
Rd6+ 47. Kxc4 Ke5 48. Kc5 Rd2 49. Ra3 Rxh2 50. Rxa6 g5 51. a4 h5 52. Rg6 g4 53.
a5 Kxe4 54. Rb6 Rc2+ 55. Kb4 Kf3 56. Rh6 Kxg3 57. Rxh5 Kg2 1/2-1/2

[Event "89th Hastings Masters 2013-14"]
[Site "Hastings ENG"]
[Date "2013.12.28"]
[Round "1.27"]
[White "Flynn, David"]
[Black "Kvisla, Johannes Luangtep"]
[Result "0-1"]
[WhiteElo "1932"]
[BlackElo "2149"]
[WhiteFideId "410594"]
[BlackFideId "1504533"]
[EventDate "2013.12.28"]

1. e4 c6 2. d4 d5 3. Nc3 a6 4. e5 Bf5 5. f4 e6 6. Nf3 h5 7. Bd3 Nh6 8. O-O c5 9.
Kh1 Nc6 10. Be3 Bg4 11. Ne2 c4 12. Bxc4 dxc4 13. h3 Nf5 14. Bg1 Bxf3 15. Rxf3
Bb4 16. a3 Ba5 17. b4 cxb3 18. d5 Qxd5 19. Rd3 Qe4 20. Bc5 Rd8 21. Rxd8+ Bxd8
22. cxb3 Qxe2 0-1

[Event "89th Hastings Masters 2013-14"]
[Site "Hastings ENG"]
[Date "2013.12.28"]
[Round "1.35"]
[White "Dennis, Nigel W"]
[Black "Villiers, Thomas"]
[Result "0-1"]
[WhiteElo "1848"]
[BlackElo "2078"]
[WhiteFideId "408913"]
[BlackFideId "427209"]
[EventDate "2013.12.28"]

1. e4 d5 2. exd5 Qxd5 3. Nc3 Qa5 4. d4 Nf6 5. Bd2 c6 6. Nf3 Bf5 7. Ne4 Qb6 8.
Ng3 Bg6 9. b3 e6 10. c4 Bb4 11. Bxb4 Qxb4+ 12. Qd2 Na6 13. Qxb4 Nxb4 14. Kd2 Ng4
15. Kc3 a5 16. a3 Nc2 17. Ra2 Nxf2 18. Rxc2 Nxh1 19. Nxh1 Bxc2 20. Kxc2 Ke7 21.
Nf2 f6 22. Nd3 g5 23. g4 h5 24. h3 hxg4 25. hxg4 Rad8 26. Bg2 f5 27. Nde5 Kf6
28. Kc3 fxg4 29. Nxg4+ Kf5 30. Nge5 g4 31. Nd2 Rh2 32. Be4+ Kf4 33. Nd3+ Ke3 34.
Nf1+ Kxe4 35. Nxh2 g3 36. Nc5+ Kf5 37. Nf3 b6 38. Nd3 Rh8 39. Kd2 Rh1 40. Nde1
Rh2+ 41. Ke3 Rb2 42. Nd2 Kg4 43. Ng2 a4 44. bxa4 Ra2 45. c5 Rxa3+ 46. Ke2 bxc5
47. dxc5 Rxa4 48. Ne3+ Kh3 49. Kf3 Ra3 50. Kf4 g2 51. Nf3 e5+ 52. Ke4 Kg3 53.
Ng1 Rc3 54. Ne2+ Kf2 55. Nxg2 Rxc5 56. Nh4 Kxe2 57. Ng6 Rc4+ 58. Kxe5 Rg4 59.
Ne7 c5 60. Nc6 c4 61. Nd4+ Kd3 62. Nb5 Rg5+ 0-1

[Event "89th Hastings Masters 2013-14"]
[Site "Hastings ENG"]
[Date "2013.12.28"]
[Round "1.37"]
[White "Clayton, Tristan"]
[Black "Degro, Heiko"]
[Result "1/2-1/2"]
[WhiteElo "1832"]
[BlackElo "2060"]
[WhiteFideId "416533"]
[BlackFideId "24666122"]
[EventDate "2013.12.28"]

1. e4 c6 2. d4 d5 3. Nc3 dxe4 4. Nxe4 Nd7 5. Nf3 Ngf6 6. Nxf6+ Nxf6 7. c3 Bg4 8.
h3 Bxf3 9. Qxf3 g6 10. Bc4 Bg7 11. O-O O-O 12. Re1 Qd7 13. Bg5 Rfe8 14. Bxf6
exf6 15. Kf1 f5 16. Rxe8+ Rxe8 17. Re1 Rd8 18. Qe3 Bf6 19. Qh6 Rf8 20. h4 Qd8
21. Re3 Re8 22. h5 Bg7 23. Rxe8+ Qxe8 24. Qf4 Qd8 25. hxg6 hxg6 26. Qg3 Kf8 27.
Qe3 Qd6 28. Kg1 b6 29. Bb3 f4 30. Qe2 Bf6 31. Qc4 Qd7 32. d5 cxd5 33. Qxd5 Qe7
34. Qc4 Be5 35. Qc8+ Kg7 36. Qc4 Bd6 37. Qd4+ Kg8 38. Qd3 Qe1+ 39. Qf1 Qe5 40.
Qd3 Qf6 41. Qe4 Kg7 42. Qe2 Bc5 43. Qe4 a5 44. Qe2 Qh4 45. Qe5+ Kh7 46. Qe2 Kg7
47. Qe5+ f6 48. Qe2 g5 49. Qf3 Kh6 50. g3 Qxg3+ 51. Qxg3 fxg3 52. Bd5 gxf2+ 53.
Kf1 g4 54. a3 Kg5 55. b4 axb4 56. axb4 Be3 57. c4 f5 58. c5 bxc5 59. bxc5 Bxc5
60. Bc6 f4 61. Bb7 Kh4 62. Bc6 Kg3 63. Bb7 Kh2 64. Bc6 Kg3 65. Bb7 Kh4 66. Bc6
Kg5 67. Bb7 Kf6 68. Bc6 Ke6 69. Bb7 Ke5 70. Bc6 Kd4 71. Bb7 Ke3 72. Bc6 Bd6 73.
Bb7 f3 74. Bxf3 gxf3 1/2-1/2

[Event "89th Hastings Masters 2013-14"]
[Site "Hastings ENG"]
[Date "2013.12.28"]
[Round "1.40"]
[White "Helmer, Christoph"]
[Black "McKenna, John R"]
[Result "1-0"]
[WhiteElo "2037"]
[BlackElo "1735"]
[WhiteFideId "24606642"]
[BlackFideId "406180"]
[EventDate "2013.12.28"]

1. d4 d5 2. c4 c6 3. Nf3 Nf6 4. Nc3 a6 5. cxd5 cxd5 6. Bg5 e6 7. e3 Be7 8. Bd3
Nc6 9. O-O b5 10. Rc1 Bb7 11. Qe2 Rc8 12. a4 b4 13. Nb1 Qb6 14. Nbd2 O-O 15. Ne5
Rc7 16. Nb3 Nxe5 17. dxe5 Ne8 18. a5 Qa7 19. Rxc7 Bxg5 20. Rc2 Be7 21. Rfc1 g6
22. Nc5 Bxc5 23. Rxc5 Qa8 24. Qg4 Ng7 25. f3 Rc8 26. Qxb4 Rxc5 27. Qxc5 1-0

[Event "89th Hastings Masters 2013-14"]
[Site "Hastings ENG"]
[Date "2013.12.28"]
[Round "1.41"]
[White "French, Max"]
[Black "Taylor, Adam C"]
[Result "0-1"]
[WhiteElo "1718"]
[BlackElo "2025"]
[WhiteFideId "426652"]
[BlackFideId "424668"]
[EventDate "2013.12.28"]

1. d4 Nf6 2. c4 e6 3. Nf3 c5 4. d5 exd5 5. cxd5 d6 6. Nc3 g6 7. h3 Bg7 8. e4 O-O
9. Bd3 b5 10. O-O b4 11. Ne2 a5 12. a4 bxa3 13. Rxa3 Na6 14. Ng3 Nb4 15. Re1 Nd7
16. b3 Qb6 17. h4 Ne5 18. Nxe5 Bxe5 19. h5 Bg4 20. Be2 Bxe2 21. Qxe2 Qa6 22. f4
Bd4+ 23. Be3 Qxe2 24. Rxe2 Bxe3+ 25. Rxe3 Nc2 26. b4 cxb4 0-1

[Event "89th Hastings Masters 2013-14"]
[Site "Hastings ENG"]
[Date "2013.12.28"]
[Round "1.42"]
[White "Pettersen, Joar Gullestad"]
[Black "Brewer, Callum D"]
[Result "0-1"]
[WhiteElo "2013"]
[BlackElo "1693"]
[WhiteFideId "1505890"]
[BlackFideId "435309"]
[EventDate "2013.12.28"]

1. d4 Nf6 2. c4 e6 3. Nf3 Bb4+ 4. Bd2 a5 5. Nc3 b6 6. g3 Ba6 7. b3 d5 8. cxd5
exd5 9. Bg2 O-O 10. O-O Re8 11. Re1 Ne4 12. Nxe4 dxe4 13. Ng5 Bb7 14. Bxb4 axb4
15. h4 Nd7 16. Qc2 Nf6 17. Rec1 Re7 18. e3 Qd6 19. Bf1 h6 20. Nh3 Nd5 21. Bg2 f5
22. Kh2 Kh8 23. Rg1 Qf6 24. Bf1 g5 25. hxg5 hxg5 26. Bc4 g4 27. Bxd5 Qh6 28. Rh1
Rh7 0-1

[Event "89th Hastings Masters 2013-14"]
[Site "Hastings ENG"]
[Date "2013.12.28"]
[Round "1.43"]
[White "Mitchell, Robert1"]
[Black "Spanton, Tim R"]
[Result "0-1"]
[WhiteElo "1674"]
[BlackElo "2008"]
[WhiteFideId "4302095"]
[BlackFideId "404802"]
[EventDate "2013.12.28"]

1. d4 d5 2. Nf3 Nf6 3. e3 c5 4. c3 Nc6 5. Bd3 Bg4 6. Nbd2 e6 7. O-O Bd6 8. Re1
O-O 9. dxc5 Bxc5 10. Qc2 e5 11. Be2 Rc8 12. a3 e4 13. Nd4 Bxd4 14. Bxg4 Nxg4 15.
exd4 Qh4 16. Nf1 Nxd4 17. Qd1 Qxf2+ 18. Kh1 Nc2 19. Re2 Nxa1 20. Be3 Nxe3 21.
Nxe3 Qf6 22. Qxa1 d4 23. cxd4 Qxd4 24. Qe1 Rfd8 25. h3 g6 26. Qg3 Rc1+ 27. Re1
Rxe1+ 28. Qxe1 Qxb2 0-1

[Event "89th Hastings Masters 2013-14"]
[Site "Hastings ENG"]
[Date "2013.12.28"]
[Round "1.46"]
[White "Taylor, Adam A"]
[Black "Shierlaw, Hamish"]
[Result "1-0"]
[WhiteElo "1983"]
[BlackElo "1605"]
[WhiteFideId "415790"]
[BlackFideId "4301765"]
[EventDate "2013.12.28"]

1. Nf3 d5 2. c4 e6 3. g3 Nf6 4. Bg2 Be7 5. O-O O-O 6. d4 c6 7. Ne5 Nbd7 8. f4
Qc7 9. Nc3 b6 10. g4 Bb7 11. g5 Ne8 12. e4 dxe4 13. Bxe4 Nd6 14. Bxh7+ Kxh7 15.
Qh5+ Kg8 16. Rf3 Nxe5 17. fxe5 g6 18. exd6 gxh5 19. dxc7 Bd6 20. Bf4 Bxf4 21.
Rxf4 Kg7 22. Raf1 Rac8 23. c5 Rxc7 24. Ne4 Ba6 25. R1f3 Bc4 26. Ra3 b5 27. Nd6
Bd5 28. Rf6 Rh8 29. Kf2 Re7 30. Re3 Bxa2 31. Nf5+ Kf8 32. Nxe7 Kxe7 33. Ra3 Bd5
34. Rxa7+ Ke8 35. Ra8+ 1-0

[Event "89th Hastings Masters 2013-14"]
[Site "Hastings ENG"]
[Date "2013.12.28"]
[Round "1.47"]
[White "Dean, Michael J"]
[Black "Roggensack, Hans Peter"]
[Result "1/2-1/2"]
[WhiteElo "1597"]
[BlackElo "1972"]
[WhiteFideId "416100"]
[BlackFideId "12904767"]
[EventDate "2013.12.28"]

1. e4 e5 2. Nf3 Nf6 3. Nxe5 d6 4. Nf3 Nxe4 5. Bc4 d5 6. Bb3 Be7 7. O-O Nc5 8. c3
Nxb3 9. Qxb3 O-O 10. d4 c6 11. Be3 Nd7 12. Nbd2 Nf6 13. Bg5 h6 14. Bxf6 Bxf6 15.
Rae1 Qc7 16. Ne5 g6 17. Ndf3 Kg7 18. Re3 h5 19. h4 Bf5 20. Rfe1 Rae8 21. Qd1 Qd8
22. g3 Re6 23. Qd2 Rfe8 24. R3e2 Be4 25. Qf4 Bxf3 26. Qxf3 Qe7 27. Kg2 1/2-1/2

[Event "89th Hastings Masters 2013-14"]
[Site "Hastings ENG"]
[Date "2013.12.29"]
[Round "2.2"]
[White "Flear, Glenn C"]
[Black "Hebden, Mark L"]
[Result "1-0"]
[WhiteTitle "GM"]
[BlackTitle "GM"]
[WhiteElo "2471"]
[BlackElo "2560"]
[WhiteFideId "400165"]
[BlackFideId "400084"]
[EventDate "2013.12.28"]

1. d4 Nf6 2. c4 g6 3. Nc3 Bg7 4. e4 d6 5. Be2 O-O 6. Bg5 c6 7. Nf3 Na6 8. O-O
Nc7 9. Qd2 d5 10. exd5 cxd5 11. Rad1 dxc4 12. Bxc4 Bg4 13. Qe2 Ncd5 14. Nxd5
Nxd5 15. Qe4 Be6 16. Qh4 Qb6 17. Rfe1 Bf6 18. Bxf6 exf6 19. Qh6 Rfc8 20. Bb3 Qd6
21. Nd2 Qf4 22. Qxf4 Nxf4 23. Bxe6 fxe6 24. g3 Nd3 25. Rxe6 Rc2 26. Ne4 Nxb2 27.
Nxf6+ Kg7 28. Rde1 Nd3 29. R1e3 Nxf2 30. g4 Nd1 31. Rf3 Rc3 32. Rf4 Re3 33. d5
Rc8 34. g5 Rc2 35. Ne8+ Kg8 36. Nf6+ Kg7 37. Rfe4 Rxe4 38. Rxe4 Rd2 39. d6 h5
40. d7 Kf7 41. Re5 Nc3 42. Rd5 1-0

[Event "89th Hastings Masters 2013-14"]
[Site "Hastings ENG"]
[Date "2013.12.29"]
[Round "2.3"]
[White "Gordon, Stephen J"]
[Black "Foisor, Cristina-Adela"]
[Result "1/2-1/2"]
[WhiteTitle "GM"]
[BlackTitle "IM"]
[WhiteElo "2519"]
[BlackElo "2355"]
[WhiteFideId "411477"]
[BlackFideId "1200496"]
[EventDate "2013.12.28"]

1. d4 g6 2. e4 Bg7 3. c4 d6 4. Nc3 Nc6 5. Be3 e5 6. Nge2 Nh6 7. d5 Ne7 8. f3 f5
9. Qd2 Nf7 10. O-O-O O-O 11. Kb1 c5 12. dxc6 bxc6 13. Nc1 Be6 14. Bd3 Qc7 15.
Qe2 a5 16. Rd2 Rfb8 17. Rc2 a4 18. Nd5 Qd8 19. Nxe7+ Qxe7 20. Rd1 a3 21. b3 f4
22. Bd2 c5 23. Qe1 Nd8 24. Bc3 Nc6 25. Bf1 Rb6 26. Qd2 Bf8 27. g3 fxg3 28. hxg3
Qf7 29. Qd3 Rab8 30. Ka1 Bh6 31. Rh2 Bg5 32. Bh3 Bxh3 33. Rxh3 Rf8 34. g4 Nd4
35. Bxd4 exd4 36. Ne2 Rb7 37. Rf1 Bf4 38. Kb1 Qf6 39. Kc2 d5 40. Nxf4 Qxf4 41.
Re1 Re8 42. Rhh1 dxe4 43. Rxe4 Rxe4 44. Qxe4 Qxe4+ 45. fxe4 Rf7 46. b4 Rf2+ 47.
Kd3 Rf3+ 48. Kd2 cxb4 49. Rb1 b3 50. axb3 Rc3 51. b4 Rxc4 52. Kd3 a2 53. Ra1
Rxb4 54. Rxa2 Kf7 55. Ra7+ Kf6 56. Rxh7 Ke5 57. Re7+ Kf4 58. Rf7+ Ke5 59. Re7+
Kf4 60. Rf7+ Ke5 1/2-1/2

[Event "89th Hastings Masters 2013-14"]
[Site "Hastings ENG"]
[Date "2013.12.29"]
[Round "2.4"]
[White "Arkell, Keith C"]
[Black "Hawkins, Jonathan"]
[Result "1/2-1/2"]
[WhiteTitle "GM"]
[BlackTitle "IM"]
[WhiteElo "2438"]
[BlackElo "2512"]
[WhiteFideId "400270"]
[BlackFideId "412686"]
[EventDate "2013.12.28"]

1. d4 g6 2. e4 Bg7 3. Nf3 c5 4. d5 d6 5. Bb5+ Bd7 6. a4 Nf6 7. Nc3 O-O 8. Bxd7
Nbxd7 9. h3 Ne8 10. O-O Nc7 11. Bf4 f5 12. Qd2 1/2-1/2

[Event "89th Hastings Masters 2013-14"]
[Site "Hastings ENG"]
[Date "2013.12.29"]
[Round "2.5"]
[White "Gormally, Daniel W"]
[Black "Sowray, Peter J"]
[Result "1-0"]
[WhiteTitle "GM"]
[BlackTitle "FM"]
[WhiteElo "2500"]
[BlackElo "2326"]
[WhiteFideId "406465"]
[BlackFideId "400971"]
[EventDate "2013.12.28"]

1. d4 e6 2. Nf3 f5 3. g3 Nf6 4. Bg2 d5 5. c4 c6 6. O-O Bd6 7. b3 Qe7 8. a4 a5 9.
Ba3 Nbd7 10. Qc1 Ne4 11. Qb2 O-O 12. Bxd6 Qxd6 13. Nc3 b6 14. Rfc1 Ba6 15. Rc2
h6 16. Rac1 Rac8 17. e3 g5 18. Nxe4 fxe4 19. Ne5 Nxe5 20. dxe5 Qe7 21. Bf1 Bb7
22. c5 bxc5 23. Rxc5 Rf5 24. Bh3 Rf3 25. Bg4 Rf7 26. Qc3 Rcf8 27. Rc2 Kh7 28.
Bh5 Rg7 29. h3 Qc7 30. Rxa5 Rf5 31. Ra7 Qb6 32. Qd4 c5 33. Qxc5 Qxb3 34. Rd2
Qb1+ 35. Kg2 Qe1 36. Rb2 g4 37. hxg4 Qd1 38. gxf5 Qxh5 39. Qc2 Qf3+ 40. Kh2 Bc6
41. Rxg7+ Kxg7 42. Rb6 Be8 43. Rb7+ Kf8 44. f6 Kg8 45. Rg7+ Kh8 46. Re7 Bc6 47.
f7 Kg7 48. Rxe6 Bxa4 49. Rf6 1-0

[Event "89th Hastings Masters 2013-14"]
[Site "Hastings ENG"]
[Date "2013.12.29"]
[Round "2.6"]
[White "Foisor, Ovidiu-Doru"]
[Black "Rahman, Ziaur"]
[Result "1/2-1/2"]
[WhiteTitle "IM"]
[BlackTitle "GM"]
[WhiteElo "2397"]
[BlackElo "2496"]
[WhiteFideId "1200143"]
[BlackFideId "10200037"]
[EventDate "2013.12.28"]

1. c4 c5 2. g3 Nc6 3. Bg2 d6 4. Nc3 g6 5. e3 Bg7 6. Nge2 Nf6 7. d4 Bd7 8. b3 Qc8
9. h3 O-O 10. Bb2 Rb8 11. Qd2 cxd4 12. Nxd4 Re8 13. Rc1 Nxd4 14. Qxd4 Bc6 15.
Nd5 Nh5 16. Qd2 Bxb2 17. Qxb2 Qd7 18. O-O Bxd5 19. cxd5 Rec8 20. Qd4 a6 21. Bf3
Nf6 22. Bg4 Nxg4 23. hxg4 Rxc1 24. Rxc1 Rc8 25. Rxc8+ Qxc8 26. Qb6 f6 27. a4 Kf7
28. a5 Qc1+ 29. Kg2 Qd2 30. Qxb7 Qxa5 31. e4 Qe1 32. Kf3 Qc3+ 33. Ke2 Qd4 34. f3
Qb2+ 35. Ke3 Qg2 36. Qxa6 Qxg3 37. Qf1 Qe5 38. Kd3 Qb2 39. Kc4 e6 40. Qd3 Qc1+
41. Kb5 Qc5+ 42. Ka4 Qa7+ 43. Kb5 Qb7+ 44. Ka5 h5 45. gxh5 gxh5 46. b4 Qa7+ 47.
Kb5 e5 48. Qd2 Qd7+ 49. Kb6 Qa4 50. Qh6 Qxb4+ 51. Kc6 Qc5+ 52. Kd7 Qa7+ 1/2-1/2